000 00266nam a22001097a 4500
082 _a823
_bCAS/A
100 _aCASTIGLIA, PAUL
245 _aARCHIE- AMERICAN SERIES
246 _aARCHIE- AMERICAN SERIES
_bARCHIE- AMERICAN SERIES
650 _aENGLISH STORY
942 _cBK
999 _c8778
_d8778